Aprender con todo el cerebro

Guardat en:
Dades bibliogràfiques
Autor principal: Williams, Linda Verlee (Autor)
Format: Llibre
Idioma:espanyol
Publicat: Barcelona Martinez Roca 1986
Col·lecció:Libros Universitarios y Profesionales
Matèries:
Etiquetes: Afegir etiqueta
Sense etiquetes, Sigues el primer a etiquetar aquest registre!

MARC

LEADER 00000nam a2200000 a 4500
001 UCX8797
003 CL-VaPUC
008 940502e19860000SP |||||||||||||||||spa|d
082 0 4 |a 153.1  |b WIL  |2 21 
100 0 |a Williams, Linda Verlee  |e author  |9 325998 
245 1 0 |a Aprender con todo el cerebro 
300 |a 242 p 
942 |c BK 
945 |d 19940502 00:00:00  |a rbrito 
260 |a Barcelona  |b Martinez Roca  |c 1986 
650 0 |a Memoria  |9 266549 
650 0 |a Mnemotecnia  |9 310301 
650 0 |a Inteligencia  |9 267038 
583 |a last modification  |c 19940502 00:00:00  |k Rodrigo Vera 
490 0 |a Libros Universitarios y Profesionales 
999 |c 228196  |d 228194 
952 |0 0  |1 0  |4 0  |6 153_100000000000000_WIL_1986  |7 0  |8 A  |9 227979  |a BIBEDU  |b BIBEDU  |d 2019-11-15  |i 2975963  |l 1  |o 153.1 WIL 1986  |p 2975963  |r 2022-11-28  |s 2022-11-16  |w 2019-11-15  |y BK  |k PSI 
952 |0 0  |1 0  |4 0  |6 153_100000000000000_WIL_1986  |7 0  |8 A  |9 227980  |a BIBEDU  |b BIBEDU  |d 2019-11-15  |i 2982080  |o 153.1 WIL 1986  |p 2982080  |r 2019-11-15  |w 2019-11-15  |y BK  |k EDU 
952 |0 0  |1 0  |4 0  |6 153_100000000000000_WIL_1986  |7 0  |8 A  |9 227981  |a FDOPOS  |b FDOPOS  |d 2019-11-15  |i 3069230  |o 153.1 WIL 1986  |p 3069230  |r 2025-01-22  |w 2019-11-15  |y BK  |k MLA 
952 |0 0  |1 0  |4 0  |6 153_100000000000000_WIL_1986  |7 0  |8 A  |9 227982  |a BIBEDU  |b BIBEDU  |d 2019-11-15  |i 3227979  |o 153.1 WIL 1986  |p 3227979  |r 2019-11-15  |w 2019-11-15  |y BK  |k EPE